000 00456nam a2200181Ia 4500
005 20250603144909.0
008 250603s9999 xx 000 0 und d
020 _a8174091068
050 _aTP 155.75 .B43/
100 _aBhatia, S. C.
245 0 _aEnvironmental pollution and control in chemical process indusries
260 _aNew Delhi
260 _bKhanna Pulishers
260 _c2014
300 _a1273 p
650 _aNew Delhi
942 _cBK
999 _c40273
_d40273